Prc̀tico Laboral

Bibliographic Details
Format: eBook
Language:Spanish
Published: Barcelona: vLex, 2014
Subjects:
Online Access:Acceso restringido

MARC

LEADER 00000nam a22000007a 4500
005 20140819131858.0
007 cr|||| ||||
008 140819s2014 es |||||s|||| 00||0 spa d
035 |a 12157 
040 |a vLex 
090 |c 5123  |d 5123 
245 0 0 |a Prc̀tico Laboral  |h [Recurso electrn̤ico] / 
256 |a Servicio en ln̕ea 
260 |a Barcelona:  |b vLex,  |c 2014 
300 |a 1 recurso electrn̤ico 
500 |a Gua̕ prc̀tica en la que se analizan aspectos clave del derecho laboral, completada con modelos de contratos y esquemas del proceso, todo ello adaptado a las l︢timas novedades legislativas y con aportaciones doctrinales. 
506 1 |a Disponible solo en los productos indicados  |d vLex Global  |d vLex Global (Academic Edition, excluding Law Schools)  |d vLex Global (U.S. Academic Edition, Law Schools)  |d vLex Global (U.S. Academic Edition, excluding Law Schools)  |d vLex Global (Academic Edition, Law Schools) 
650 0 4 |a Derecho Laboral y Seguridad Social  |z Espaą 
740 0 |a vLex Libros (Servicio en ln̕ea) 
856 4 0 |u http://app.vlex.com/#ES.practico_laboral/browse  |z Acceso restringido 
942 |c BOOK 
999 0 |a Labor Law and Social Security